Jelképek vonzásában

Elmentve itt :
Bibliográfiai részletek
Szerző: VERESS Péter
Adatforrás:Meister
Forrásdokumentuma:Korunk. -
1 sz., 1994, 100-104 p.
Nyelv:magyar
Kulcsszavak:szemantika-szemiotika
politológia
jel
kommunikáció
szimbólum
ikon
kommunizmus
totalitarizmus
jelkép
PIERCE Charles Sanders
GEERTZ Clifford
LEADER 00601nab a2200241 i 4500
001 bibPRO00008922
008 060524s1994 xx hun
040 |a Sz1 
041 |a hun 
100 1 |a VERESS Péter 
245 1 0 |a Jelképek vonzásában  |c VERESS Péter 
695 |a szemantika-szemiotika 
695 |a politológia 
695 |a jel 
695 |a kommunikáció 
695 |a szimbólum 
695 |a ikon 
695 |a kommunizmus 
695 |a totalitarizmus 
695 |a jelkép 
695 |a PIERCE Charles Sanders 
695 |a GEERTZ Clifford 
773 0 |t Korunk. -  |g 1 sz., 1994, 100-104 p.